000 00551nam a2200181 a 4500
005 20220810101038.0
008 991125s1975 mx 000 0 spa u
035 _aUPN01000013423
049 _aCE
050 4 _aZ674.4
_bP4.3
100 1 _aPerales Ojeda, Alicia
245 1 0 _aDe la informática /
_cAlicia Perales Ojeda.
260 _aMéxico :
_bUNAM, Dirección General de Publicaciones,
_c1975.
300 _a336 p., [4] h. pleg. :
_bil.
650 4 _aCENTROS DE DOCUMENTACION
_99600
650 4 _aTeoría de la información
_917
905 _aLibro
999 _c13423
_d13423